| 000 | 00689nam a2200229Ia 4500 | ||
|---|---|---|---|
| 005 | 20230710134906.0 | ||
| 008 | 131103s9999 xx 000 0 und d | ||
| 020 |
_a415323479 _cRs 2190 |
||
| 040 | _aLoreto College | ||
| 041 | _aEnglish | ||
| 082 |
_a578.09 _bHUG |
||
| 100 | _aHuggett, Richard John | ||
| 245 |
_aFundamentals of biogeography _cRichard John Huggett |
||
| 250 | _aSecond Edition | ||
| 260 |
_aLondon and New York _bRoutledge Taylor and Francis _c2004 |
||
| 300 | _axvi,439p | ||
| 440 | _aRoutledge fundamentals of physical geography series | ||
| 504 | _aIncludes bibliographical references and index | ||
| 650 | _aBiogeography | ||
| 850 | _aLCLIB | ||
| 942 | _cBK | ||
| 999 |
_c16569 _d67048 |
||